| 000 | 00499nam a2200157Ia 4500 | ||
|---|---|---|---|
| 003 | GCL | ||
| 008 | 140319s9999 xx 000 0 ara d | ||
| 040 |
_aGCL / _cGCL |
||
| 082 | 0 | 4 |
_a690.539 _bم ت |
| 100 | 1 | _aمحمد ماجد عباس خلوصى | |
| 245 | 1 | 0 |
_aتصميم المطارات ومبانى الركاب / _cمحمد ماجد عباس خلوصى |
| 300 |
_a557 ص ؛ _c24 سم |
||
| 650 | 0 | 4 | _aالمطارات - عمارة |
| 650 | 0 | 4 | _aالمطارات - مبانى |
| 942 |
_2ddc _cBK |
||
| 999 |
_c5185 _d5185 |
||